| 000 | 00576nam a22001577a 4500 | ||
|---|---|---|---|
| 005 | 20120419120637.0 | ||
| 020 |
_a8176488217 _c395.00 |
||
| 035 | _aB-121864 | ||
| 037 |
_aDPL _bENG |
||
| 245 |
_aKashmiri pandits : _bA contemporry perspective / _cedited by M.L. Pandit |
||
| 260 |
_aNew Delhi _bA P H Publishing Corporation _c2005 |
||
| 300 |
_ax, 163p. _c20 cms. |
||
| 700 |
_aPandit, M.L. _945378 |
||
| 942 |
_2ddc _cEN _h305.52 _mKAS |
||
| 999 |
_c65260 _d65260 |
||